A Origem das Espécies de Charles Darwin (Registo nº 868)
[ vista simples ]
| 000 -Etiqueta do registo | |
|---|---|
| Cabeçalho | 00605 m a2200253 i 4500 |
| 005 - Identificador da versão | |
| Campo de controlo | 20240813121817.0 |
| 010 ## - Número internacional normalizado dos livros (ISBN) | |
| Número (ISBN) | 9789896162658 |
| 021 ## - Número do Depósito Legal | |
| Código do país | PT |
| Número | 281 851/2008 |
| 035 ## - Other System Control Numbers | |
| System Control Number | 0000936 |
| System Control Number | 0000929 |
| System Control Number | 0000915 |
| 100 ## - Dados gerais de processamento | |
| Dados gerais de processamento | 20081107 m y0pory5003 ba |
| 102 ## - Pais de publicação ou produção | |
| País de publicação | Portugal |
| 101 1# - Língua de publicação | |
| Língua do texto, banda sonora, etc. | Português |
| Língua do documento no original | Inglês |
| 215 ## - Descrição física | |
| Indicação específica da natureza do documento e extensão da espécie | 185 |
| 200 1# - Titulo e menção de responsabilidade | |
| Título próprio | A Origem das Espécies de Charles Darwin |
| Primeira menção de responsabilidade | Janet Browne |
| 225 2# - Colecção | |
| Título próprio da colecção | Ciência Aberta |
| Indicação de volume | 175 |
| 205 ## - Menção da edição | |
| Menção da edição | 1ª edição |
| 210 ## - Publicação, Distribuição, etc. | |
| Lugar da edição, distribuição, etc. | Lisboa |
| Nome do editor, distribuidor, etc. | Gradiva |
| Data da publicação, distribuição, etc. | 2008 |
| 966 ## - Identificação da Biblioteca | |
| Sigla | NUMETECA |
| 942 ## - Elementos de entrada adicionados (Koha) | |
| Tipo de item no Koha | Livro |
| Situação do levantamento | Origin of item (home branch) (coded) | Biblioteca de empréstimo | Código de barras | Cota | Circulation type (not for loan) | Tipo de documento | Nota do exemplar | Damaged status |
|---|---|---|---|---|---|---|---|---|
| Biblioteca Escolar Eng. Nuno Mergulhão | Biblioteca Escolar Eng. Nuno Mergulhão | BENM1563 | 57 BRO | Livro | Sem mensagem |
